|
|
|
|
| LEADER |
01078nam a2200253 a 4500 |
| 001 |
2453686 |
| 008 |
110714s1990 cau b 001 0 eng |
| 010 |
|
|
|a 89027911
|
| 020 |
|
|
|a 0803932103
|
| 020 |
|
|
|a 0803932111 (pbk.)
|
| 040 |
|
|
|a DLC
|c DLC
|d DLC
|d BD-DhAAL
|
| 082 |
0 |
0 |
|a 361/.06
|2 21
|
| 100 |
1 |
|
|a Pearson, Richard E.,
|d 1937-
|
| 245 |
1 |
0 |
|a Counseling and social support :
|b perspectives and practice /
|c Richard E. Pearson ; foreword by George M. Gazda.
|
| 260 |
|
|
|a Newbury Park, Calif. :
|b Sage Publications,
|c c1990.
|
| 300 |
|
|
|a 271 p. ;
|c 22 cm.
|
| 504 |
|
|
|a Includes bibliographical references (p. 256-265) and index.
|
| 541 |
|
|
|e 00007205
|
| 650 |
|
0 |
|a Counseling.
|
| 650 |
|
0 |
|a Social networks.
|
| 852 |
1 |
|
|a Ayesha Abed Library
|c General Shelf.
|
| 999 |
|
|
|c 11069
|d 11069
|
| 952 |
|
|
|0 0
|1 0
|2 ddc
|4 0
|6 361_060000000000000_PEA
|7 0
|9 17439
|a BRACUL
|b BRACUL
|c GEN
|d 2011-07-14
|l 0
|o 361.06 PEA
|p 3010007205
|r 2011-07-14
|t 1
|w 2011-07-14
|y BK
|
| 952 |
|
|
|0 0
|1 0
|2 ddc
|4 0
|6 361_060000000000000_PEA
|7 0
|9 43183
|a SCL
|b SCL
|c GEN
|d 1999-05-09
|l 0
|o 361.06 PEA
|p 3020001790
|r 2014-07-15
|t 2
|w 2014-07-15
|y BK
|